Civ6 文明クイズ 8min - Statistics

General Stats
  • This quiz has been taken 13 times
  • The average score is 40 of 54
Answer Stats
答え % Correct
アメリカ
100%
インド
100%
インドネシア
100%
エジプト
100%
ギリシャ
100%
ドイツ
100%
ブラジル
100%
フランス
100%
ベトナム
100%
ポーランド
100%
ポルトガル
100%
モンゴル
100%
ローマ
100%
ロシア
100%
イギリス
100%
アステカ
86%
アラビア
86%
オーストラリア
86%
オスマン
86%
オランダ
86%
コンゴ
86%
シュメール
86%
スペイン
86%
ノルウェー
86%
マケドニア
86%
韓国
86%
中国
86%
日本
86%
インカ
71%
エチオピア
71%
カナダ
71%
クメール
71%
スウェーデン
71%
ヌビア
71%
ハンガリー
71%
ペルシア
71%
マオリ
71%
スキタイ
57%
スコットランド
57%
チベット
57%
マプチェ
57%
マヤ
57%
マリ
57%
ガリア
43%
クリー
43%
グルジア
43%
ズールー
43%
バビロン
43%
ビザンティン
43%
フェニキア
43%
テオティワカン
29%
トゥーレ
29%
大コロンビア
29%
スワヒリ
14%
No matching quizzes found
Score Distribution
Percent of People with Each Score
Percentile by Number Answered
Your Score History
You have not taken this quiz